• 首页
  • 本馆介绍
  • 公告通知
  • 最新文献
  • 馆藏检索
  • 电子资源
  • 读者导购
  • 参考咨询
  • 我的图书馆
  • 登录
  • 详细信息显示
  • 放入我的书架
  • 预约/预借图书
  • 作者相关作品
  • 分类相关作品
  • 丛书相关作品
  • 出版社相关作品

书目信息

  • 表格格式
  • 工作单格式
  • 卡片格式
题名:
音乐表演的理论与实践研究
    
 
作者: 武凌 , 陈凌 著
分册:  
出版信息: 北京   新华出版社  2021.6
页数: 179页
开本: 24cm
丛书名:
单 册:
中图分类: J604.6
科图分类:
主题词: 音乐表演--研究
电子资源:
ISBN: 978-7-5166-5329-6
000 01067nam0 2200253 45
001 012001001257
005 20130911083628.0
010    @a978-7-5166-5329-6@dCNY60.00
100    @a20210603d2021 em y0chiy0110 ea
101 0  @achi
102    @aCN@b110000
105    @aag az 000yy
106    @ar
200 1  @a音乐表演的理论与实践研究@Ayin yue biao yan de li lun yu shi jian yan jiu@f武凌, 陈凌著
210    @a北京@c新华出版社@d2021.6
215    @a179页@c图,乐谱@d24cm
320    @a有书目 (第177-179页)
330    @a音乐艺术本质上是一门表演艺术,是以其真实的展示才能实现审美意义和社会价值的艺术。本书稿分别从“音乐表演本体”“音乐表演发展历史与风格流派”“音乐表演者的素质要求”“音乐表演心理”“音乐表演中的排练与演出”“不同类型的音乐表演实践”六部分论述了音乐表演艺术,从理论的角度分析和解决表演实践中存在的问题,对音乐表演理论的教学和表演实践的发展具有重要参考意义。
606 0  @a音乐表演@x研究
690    @aJ604.6@v5
701  0 @a武凌@Awu ling@4著
701  0 @a陈凌@Achen ling@4著
801    @aCN@b江苏凤凰@c20211018
905    @b1342801-4@dJ604.6@e1312@f4
    
    音乐表演的理论与实践研究/武凌, 陈凌著.-北京:新华出版社,2021.6
    179页:图,乐谱;24cm
    
    
    ISBN 978-7-5166-5329-6:CNY60.00
    音乐艺术本质上是一门表演艺术,是以其真实的展示才能实现审美意义和社会价值的艺术。本书稿分别从“音乐表演本体”“音乐表演发展历史与风格流派”“音乐表演者的素质要求”“音乐表演心理”“音乐表演中的排练与演出”“不同类型的音乐表演实践”六部分论述了音乐表演艺术,从理论的角度分析和解决表演实践中存在的问题,对音乐表演理论的教学和表演实践的发展具有重要参考意义。
●
相关链接 在E读中查询图书 在五车中查询图书 在当当中查询图书 在豆瓣中查询图书


正题名:音乐表演的理论与实践研究     索取号:J604.6/1312         预约/预借

序号 登录号 条形码 馆藏地/架位号 状态 备注
1 1342801   213428012   第一样本阅览室/ [索取号:J604.6/1312] 在馆    
2 1342802   213428021   第一借阅区/ [索取号:J604.6/1312] 在馆    
3 1342803   213428030   第一借阅区/ [索取号:J604.6/1312] 在馆    
4 1342804   213428049   第一借阅区/ [索取号:J604.6/1312] 在馆    
唐山师范学院图书馆 欢迎您!
大连网信软件有限公司© 版权所有